00512nam a2200193 a 4500001001300000003000900013005001700022008004100039020000900080082001700089100001400106245007300120260002900193300000900222500003500231505001000266650002800276700001400304nice12345678IN_TiNIC20260116013906.0050524s1987 dela grp 000 0 eng  ac7500a340.59bWAN2 aWani, M A aMaintenance Rights of Muslim Women;principles, Precedents and Trends aDelhibGenuine Pubc1987 a100p aincludes index and biblioraphy2 aIndex aIslamic-Law Maintenance1 aWani, M A